State and society in India : (Record no. 1023)

MARC details
000 -LEADER
fixed length control field 00582cam a2200205ua 4500
001 - CONTROL NUMBER
control field 1108
005 - DATE AND TIME OF LATEST TRANSACTION
control field 20260515113258.0
008 - FIXED-LENGTH DATA ELEMENTS--GENERAL INFORMATION
fixed length control field 110428n ii |||gr||||Z||||||eng
020 ## - INTERNATIONAL STANDARD BOOK NUMBER
International Standard Book Number 81-7027-120-7
040 ## - CATALOGING SOURCE
Transcribing agency MAIN
082 ## - DEWEY DECIMAL CLASSIFICATION NUMBER
Classification number 320.954
245 1# - TITLE STATEMENT
Title State and society in India :
Remainder of title A study of the state`s agenda-making, 1917-1977 /
Statement of responsibility, etc. by Anand Kumar
250 ## - EDITION STATEMENT
Edition statement 1st.
260 ## - PUBLICATION, DISTRIBUTION, ETC.
Place of publication, distribution, etc. New Delhi:
Name of publisher, distributor, etc. Radiant publishers,989.
300 ## - PHYSICAL DESCRIPTION
Extent viii, 198p.:0cm.
653 ## - INDEX TERM--UNCONTROLLED
Uncontrolled term Political science
653 ## - INDEX TERM--UNCONTROLLED
Uncontrolled term State and society in India
700 ## - ADDED ENTRY--PERSONAL NAME
Personal name Kumar, Anand.,
Relator term Author.
942 ## - ADDED ENTRY ELEMENTS (KOHA)
Koha item type Books
Holdings
Withdrawn status Lost status Damaged status Not for loan Home library Current library Shelving location Date acquired Total checkouts Full call number Barcode Date last seen Copy number Price effective from Koha item type
        Naharkatiya College Library Naharkatiya College Library General stacks 09/19/2020   320.954 | KUM 3696 09/19/2020 1 09/19/2020 Books